Races de chevaux - Statistiques

Statistiques générales
  • Ce quiz a été pris 474 fois
  • Le résultat moyen est 9 sur 15
Statistiques - réponses
Description Réponses % Correct
Grand avec une longue crinière, embélique de spectacle et de cinéma. Originaire des pays bas, sa robe principale est le noir. Il est fort et robuste. Frison
91%
Race non standardisée très répandue en France et dans le monde. Race faite pour le sport, avec des robes principales qui varient entre le bai,gris,noir,alezan. Un physique taillé pour le saut avec un corps large et musclé. Selle Français
85%
L'un des plus petits existants provenant d'Ecosse. Shetland
80%
Cheval de selle, utilisé principalement pour les concours de modèle, de l'endurance et du loisir. Race à sang chaud. Pur sang arabe
78%
Race dite sauvage, originaire des etats unis. Ils sont indépendant, vigoureux et très vigilant. Petit cheval. Mustang
69%
Cheval de trait français les plus célèbre. utilisé principalement pour l'attelage et les travaux agricoles. Percheron
65%
Race polyvalente. La majorité des élevages sont près de la mer et dans des zones marécageuses. Poneys principalement gris. Camargue
57%
Une race norvégienne. A une ligne centrale. Très volontaire et généreux dans le travail. Il est réputé courageux, calme et sociable. Fjord
55%
Poney originaire de la côte ouest irlandaise. Poney de sport par excellence facilité en CSO et CCE. Connemara
53%
Race établie aux etats unis, principalement utilisé pour le western. Race calme et docile. Quarter Horse
52%
Ses allures relevées et son caractère volontaire en font un cheval d’excellence dans le travail de Haute École. Originaire du Portugal. Lusitanien
45%
Réputé pour ses capacités pour le trot à la fois monter et attelé. Ses robes principales sont le bai et l'alezan. Bon caractère et énergique. Trotteur Français
43%
Race de poney principalement de robe alezane et palomino avec les crins lavés, provenant d'Autriche. Haflinger
42%
Une race originaire du Royaume-Uni. Considéré comme « le plus beau poney du monde ». Welsh
42%
Chevaux Hollandais à sang chaud et reconnu comme une race de cheval de sport. Toutes les robes sont admises au sein du Stud-book, et les marques, sur la tête et sur les membres, sont autorisées sans restriction. KWPN
34%
Aucun quiz correspondant
Distribution des résultats
% des personnes avec chaque résultat
Percentile par nombre de réponses
Votre historique - résultats
Vous n’avez pas pris ce quiz